Revista electrónica de fuentes y archivos / (Record no. 11202)

MARC details
000 -LEADER
fixed length control field 02263nas a22002657a 4500
005 - DATE AND TIME OF LATEST TRANSACTION
control field 20260311142247.0
007 - PHYSICAL DESCRIPTION FIXED FIELD--GENERAL INFORMATION
fixed length control field cr
008 - FIXED-LENGTH DATA ELEMENTS--GENERAL INFORMATION
fixed length control field 260311c2010 ag |||p| |||| 00| 0 spa d
022 ## - INTERNATIONAL STANDARD SERIAL NUMBER
International Standard Serial Number 18534503
040 ## - CATALOGING SOURCE
Transcribing agency AR-FvUNAJ
245 10 - TITLE STATEMENT
Title Revista electrónica de fuentes y archivos /
Statement of responsibility, etc Centro de estudios históricos prof. Carlos A. Segreti.
260 ## - PUBLICATION, DISTRIBUTION, ETC. (IMPRINT)
Place of publication, distribution, etc Córdoba (Argentina) :
Name of publisher, distributor, etc Centro de estudios históricos prof. Carlos A. Segreti,
Date of publication, distribution, etc 2010 -
300 ## - PHYSICAL DESCRIPTION
Extent En linea
362 ## - DATES OF PUBLICATION AND/OR SEQUENTIAL DESIGNATION
Dates of publication and/or sequential designation No. 1 (2010) -
520 2# - SUMMARY, ETC.
Summary, etc La Revista Electrónica de Fuentes y Archivos (REFA) es una revista de historia en todas sus especializaciones y recortes temáticos, temporales y espaciales, con una mirada particular que busca reflexionar sobre la construcción del conocimiento histórico; los presupuestos teórico-metodológicos disciplinares; los desafíos, límites y posibilidades de las diversas fuentes históricas; los fondos y las condiciones de distintos repositorios y sus potencialidades para la investigación histórica.<br/>La Revista Electrónica de Fuentes y Archivos (REFA) tiene como objetivo promover el análisis crítico de la producción historiográfica local, regional, nacional e internacional, atendiendo especialmente a las líneas interpretativas, los modos de abordaje y los referentes conceptuales. Además, procura ser un espacio de análisis y discusión de las nuevas formas de interrogar a las fuentes a partir de los más recientes planteos teórico-metodológicos de la disciplina histórica. Asimismo, aspira a difundir y dar visibilidad al patrimonio documental albergado en diferentes repositorios públicos y privados.
650 27 - SUBJECT ADDED ENTRY--TOPICAL TERM
Source of heading or term unescot
9 (RLIN) 600
Topical term or geographic name as entry element HISTORIA
650 27 - SUBJECT ADDED ENTRY--TOPICAL TERM
Source of heading or term unescot
9 (RLIN) 4155
Topical term or geographic name as entry element HISTORIA SOCIAL
650 27 - SUBJECT ADDED ENTRY--TOPICAL TERM
Source of heading or term unescot
9 (RLIN) 22088
Topical term or geographic name as entry element HISTORIA DE LOS ARCHIVOS
710 2# - ADDED ENTRY--CORPORATE NAME
9 (RLIN) 22087
Corporate name or jurisdiction name as entry element Centro de estudios históricos prof. Carlos A. Segreti.
856 40 - ELECTRONIC LOCATION AND ACCESS
Uniform Resource Identifier <a href="https://revistas.unc.edu.ar/index.php/refa/index">https://revistas.unc.edu.ar/index.php/refa/index</a>
856 40 - ELECTRONIC LOCATION AND ACCESS
Uniform Resource Identifier <a href="https://revistas.unc.edu.ar/index.php/refa/article/view/34091/34550">https://revistas.unc.edu.ar/index.php/refa/article/view/34091/34550</a>
Link text Archivos ferroviarios: recuperación y concientización. El caso del proyecto de extensión en archivística de la Universidad Nacional de Río Negro.
869 ## - Existencias
Año ----
942 ## - ADDED ENTRY ELEMENTS (KOHA)
Source of classification or shelving scheme Dewey Decimal Classification
Item type Revista o publicación periódica
980 ## - EQUIVALENCE OR CROSS-REFERENCE-SERIES STATEMENT--PERSONAL NAME/TITLE [LOCAL, CANADA]
Linkage 19227
Personal name Leticia Ana Abalos
Field link and sequence number 19227
Miscellaneous information Leticia Ana Abalos
Holdings
Withdrawn status Lost status Source of classification or shelving scheme Damaged status Not for loan Collection code Home library Current library Date acquired Total Checkouts Date last seen Uniform Resource Identifier Price effective from Koha item type Serial Enumeration / chronology
    Dewey Decimal Classification   Acceso en línea Revistas Biblioteca Central Biblioteca Central 11/03/2026   11/03/2026 https://revistas.unc.edu.ar/index.php/refa/issue/archive 11/03/2026 Revista o publicación periódica  
    Dewey Decimal Classification   Acceso en línea Revistas Biblioteca Central Biblioteca Central 11/03/2026   11/03/2026 https://revistas.unc.edu.ar/index.php/refa/issue/view/2305 11/03/2026 Revista o publicación periódica No. 3 (2012)

Lunes a Viernes 8:30 a 19:00 hs. Cerrado por mudanza
Av.Calchaqui 6200 Florencio Varela (CP188) 2°piso Edificio Mosconi Aula 209-210
Mail: bibliotecacentralunaj@gmail.com  
Whatsapp(54 9)1122668024    ❔Pregunte a la bibliotecaria
© Universidad Nacional Arturo Jauretche | Secretaría Académica | Biblioteca Central UNAJ